Danger at sand cave / (Record no. 4801)
[ view plain ]
| 000 -LEADER | |
|---|---|
| fixed length control field | 01008nam a22003017a 4500 |
| 001 - CONTROL NUMBER | |
| control field | 4801 |
| 003 - CONTROL NUMBER IDENTIFIER | |
| control field | FISKH |
| 005 - DATE AND TIME OF LATEST TRANSACTION | |
| control field | 20241014144710.0 |
| 008 - FIXED-LENGTH DATA ELEMENTS--GENERAL INFORMATION | |
| fixed length control field | 241014b cb ||||| |||| 00| 0 eng d |
| 020 ## - INTERNATIONAL STANDARD BOOK NUMBER | |
| International Standard Book Number | 9781575054544 |
| 040 ## - CATALOGING SOURCE | |
| Original cataloging agency | FISKH |
| Language of cataloging | eng |
| Transcribing agency | FISKH |
| Modifying agency | FISKH |
| 050 ## - LIBRARY OF CONGRESS CALL NUMBER | |
| Classification number | PZ7.R1743 |
| 082 ## - DEWEY DECIMAL CLASSIFICATION NUMBER | |
| Classification number | 372.412 |
| 100 ## - MAIN ENTRY--PERSONAL NAME | |
| Personal name | F.Ransom, Candice |
| Dates associated with a name | (1952-) |
| 245 ## - TITLE STATEMENT | |
| Title | Danger at sand cave / |
| Statement of responsibility, etc. | by Candice F.Ransom illustration by Den Schofield |
| 250 ## - EDITION STATEMENT | |
| Edition statement | 2000 |
| 260 ## - PUBLICATION, DISTRIBUTION, ETC. | |
| Place of publication, distribution, etc. | New York : |
| Name of publisher, distributor, etc. | Millbrook Press, |
| Date of publication, distribution, etc. | 2000. |
| 300 ## - PHYSICAL DESCRIPTION | |
| Extent | 46 pages : |
| Other physical details | Color illustrations ; |
| Dimensions | 22cm |
| 505 ## - FORMATTED CONTENTS NOTE | |
| Formatted contents note | L<br/> |
| 520 ## - SUMMARY, ETC. | |
| Summary, etc. | When his friend, Floyd Collins, becomes trapped in a cave in Kentucky in 1925, ten-year-old Arly places himself in great danger while trying to help with the rescue operation. |
| 521 8# - TARGET AUDIENCE NOTE | |
| Target audience note | 520L<br/> |
| Source | Lexile<br/> |
| 521 8# - TARGET AUDIENCE NOTE | |
| Target audience note | L<br/> |
| Source | Raz-Plus<br/> |
| 650 ## - SUBJECT ADDED ENTRY--TOPICAL TERM | |
| Source of heading or term | Adventure |
| Topical term or geographic name entry element | Caves |
| 650 ## - SUBJECT ADDED ENTRY--TOPICAL TERM | |
| Source of heading or term | On My Own History |
| Topical term or geographic name entry element | Paperback fiction |
| 700 ## - ADDED ENTRY--PERSONAL NAME | |
| Personal name | Schofield, Den |
| Dates associated with a name | Illustrator |
| 942 ## - ADDED ENTRY ELEMENTS (KOHA) | |
| Source of classification or shelving scheme | Dewey Decimal Classification |
| Koha item type | Books |
| Suppress in OPAC | No |
| Withdrawn status | Lost status | Source of classification or shelving scheme | Damaged status | Not for loan | Collection | Home library | Current library | Shelving location | Date acquired | Total Checkouts | Full call number | Barcode | Date last seen | Copy number | Price effective from | Koha item type |
|---|---|---|---|---|---|---|---|---|---|---|---|---|---|---|---|---|
| Dewey Decimal Classification | Fiction | Footprints International School Library Network Toul Kork Campus | Footprints International School Library Network Toul Kork Campus | TK Primary Library Room(4th Floor), Bookcase 3&4, Shelves 17-32, Yellow Books | 10/14/2024 | RAN 372.412 PZ7.R1743 | 2024-2141 | 10/14/2024 | 1 | 10/14/2024 | Books |
